<?xml version="1.0" encoding="UTF-8"?>
<marc:record xmlns:marc="http://www.loc.gov/MARC21/slim">
   <marc:leader>00000nam a2200000 a 4500</marc:leader>
   <marc:datafield ind1="1" ind2=" " tag="100">
      <marc:subfield code="a">Telgemeier, Raina</marc:subfield>
      <marc:subfield code="4">aut</marc:subfield>
      <marc:subfield code="e">Verfasser/-in</marc:subfield>
   </marc:datafield>
   <marc:datafield ind1="0" ind2="0" tag="245">
      <marc:subfield code="a">Bauchgefühle</marc:subfield>
   </marc:datafield>
   <marc:datafield ind1=" " ind2="1" tag="264">
      <marc:subfield code="b">Graphix Loewe</marc:subfield>
      <marc:subfield code="c">2023</marc:subfield>
   </marc:datafield>
   <marc:datafield ind1="1" ind2=" " tag="490">
      <marc:subfield code="a">Smile</marc:subfield>
   </marc:datafield>
   <marc:datafield ind1="1" ind2=" " tag="520">
      <marc:subfield code="a">Wie man lernt, mit seinen Ängsten umzugehen. (ab 9) (JC) Der Comic-Roman wurde von Raina Telgemeier verfasst und erschien 2023. Er hat 224 Seiten und ist durch die Illustrationen ansprechend gestaltet. Raina wird in der Schule von einem Kind gehänselt, sie hat Angst vor Prüfungen und Vorträgen und ihre beste Freundin zieht auch noch um. All diese Probleme bereiten Raina große Sorgen und sie bekommt daher ständig Bauchschmerzen. Ihre Familie hilft ihr dabei, ihre Ängste zu überwinden Wir empfehlen dieses Buch, weil es interessant ist und verschiedene Themen aufgreift, die für unser Alter wichtig sind. Deshalb finden wir, dass das Buch für Kinder ab neun Jahren gut geeignet ist.</marc:subfield>
   </marc:datafield>
   <marc:datafield ind1=" " ind2=" " tag="020">
      <marc:subfield code="a">9783743209954</marc:subfield>
      <marc:subfield code="9">9783743209954</marc:subfield>
   </marc:datafield>
</marc:record>
